Fundamentals of database systems

Αποθηκεύτηκε σε:
Λεπτομέρειες βιβλιογραφικής εγγραφής
Κύριος συγγραφέας: Elmasri, Ramez
Μορφή: Βιβλίο
Γλώσσα:Undetermined
Έκδοση: New York Addison Wesley 2000
Θέματα:
Ετικέτες: Προσθήκη ετικέτας
Δεν υπάρχουν, Καταχωρήστε ετικέτα πρώτοι!
Thư viện lưu trữ: Trung tâm Học liệu Trường Đại học Cần Thơ
LEADER 00520nam a2200193Ia 4500
001 CTU_96989
008 210402s9999 xx 000 0 und d
020 |c 394000 
082 |a 005.74 
082 |b E48 
100 |a Elmasri, Ramez 
245 0 |a Fundamentals of database systems 
245 0 |c Ramez Elmasri, Shamkant B. Navathe 
260 |a New York 
260 |b Addison Wesley 
260 |c 2000 
650 |a Database management 
904 |i Vương 
980 |a Trung tâm Học liệu Trường Đại học Cần Thơ